<?xml version="1.0" encoding="UTF-8"?>
<record
    xmlns:xsi="http://www.w3.org/2001/XMLSchema-instance"
    xsi:schemaLocation="http://www.loc.gov/MARC21/slim http://www.loc.gov/standards/marcxml/schema/MARC21slim.xsd"
    xmlns="http://www.loc.gov/MARC21/slim">

  <leader>02516cam a22002655a 4500</leader>
  <datafield tag="999" ind1=" " ind2=" ">
    <subfield code="c">27297</subfield>
    <subfield code="d">27268</subfield>
  </datafield>
  <controlfield tag="005">20190404104747.0</controlfield>
  <controlfield tag="008">171010s2019    enka   frb    001 0 eng d</controlfield>
  <datafield tag="020" ind1=" " ind2=" ">
    <subfield code="z">9781138823396</subfield>
  </datafield>
  <datafield tag="040" ind1=" " ind2=" ">
    <subfield code="a">StDuBDS</subfield>
    <subfield code="b">eng</subfield>
    <subfield code="c">StDuBDS</subfield>
    <subfield code="d">Uk</subfield>
    <subfield code="d">EG-ScBUE</subfield>
    <subfield code="d">EG-ScBUE</subfield>
  </datafield>
  <datafield tag="082" ind1="0" ind2="4">
    <subfield code="a">155.4</subfield>
    <subfield code="b">TET</subfield>
    <subfield code="2">22</subfield>
  </datafield>
  <datafield tag="100" ind1="1" ind2=" ">
    <subfield code="a">Tetzchner, Stephen von.</subfield>
  </datafield>
  <datafield tag="245" ind1="1" ind2="0">
    <subfield code="a">Child and adolescent psychology :</subfield>
    <subfield code="b">typical and atypical development /</subfield>
    <subfield code="c">Stephen Von Tetzchner.</subfield>
  </datafield>
  <datafield tag="250" ind1=" " ind2=" ">
    <subfield code="a">1st. ed.</subfield>
  </datafield>
  <datafield tag="260" ind1=" " ind2=" ">
    <subfield code="a">Oxon ;</subfield>
    <subfield code="a">New York :</subfield>
    <subfield code="b">Routledge / Taylor &amp; Francis,</subfield>
    <subfield code="c">c.2019.</subfield>
  </datafield>
  <datafield tag="300" ind1=" " ind2=" ">
    <subfield code="a">xiv, 677 p. :</subfield>
    <subfield code="b">ill. (col.) ;</subfield>
    <subfield code="c">24 cm.</subfield>
  </datafield>
  <datafield tag="504" ind1=" " ind2=" ">
    <subfield code="a">Includes bibliographical references and index.
</subfield>
  </datafield>
  <datafield tag="505" ind1="0" ind2=" ">
    <subfield code="a">Chapter 1: Developmental psychologyChapter 2: Theoretical perspectivesChapter 3: Methods of gaining knowledge about childrenChapter 4: Child and adolescent disorders Chapter 5: Genes, evolution, heredity and environmentChapter 6: Stimulation and activity during fetal developmentChapter 7: Brain developmentChapter 8: Perceptual developmentChapter 9: Motor developmentChapter 10: Theories of cognitive developmentChapter 11: Attention, memory and executive functionChapter 12: Conceptual development and reasoningChapter 13: Mind understandingChapter 14: IntelligenceChapter 15: Learning and instructionChapter 16: The development of communication and languageChapter 17: Emotions and emotion regulationChapter 18: Temperament and personalityChapter 19: AttachmentChapter 20: Sibling and peer relationsChapter 21: Self and identityChapter 22: Moral developmentChapter 23 Prosocial and antisocial developmentChapter 24: Gender developmentChapter 25: PlayChapter 26: Media and understanding of societyChapter 27: Toward adulthoodGlossaryBibliography Index</subfield>
  </datafield>
  <datafield tag="520" ind1=" " ind2=" ">
    <subfield code="a">Child and Adolescent Psychology provides an accessible and thorough introduction to human development by integrating insights from typical and atypical development. This integration cements understanding since the same processes are involved. Knowledge about atypical development informs the understanding of typical development, and knowledge about typical development is a necessary basis for understanding atypical development and working with children with disorders.</subfield>
  </datafield>
  <datafield tag="650" ind1=" " ind2="7">
    <subfield code="a">Child psychology.</subfield>
    <subfield code="2">BUEsh</subfield>
    <subfield code="9">26073</subfield>
  </datafield>
  <datafield tag="650" ind1=" " ind2="7">
    <subfield code="a">Adolescent psychology.</subfield>
    <subfield code="2">BUEsh</subfield>
  </datafield>
  <datafield tag="651" ind1=" " ind2=" ">
    <subfield code="2">BUEsh</subfield>
  </datafield>
  <datafield tag="653" ind1=" " ind2=" ">
    <subfield code="b">HHUUPPSS</subfield>
    <subfield code="c">March2019</subfield>
  </datafield>
  <datafield tag="856" ind1="4" ind2="0">
    <subfield code="3">Available as eBook</subfield>
    <subfield code="u">https://www.routledge.com/Child-and-Adolescent-Psychology-Typical-and-Atypical-Development/Tetzchner/p/book/9781138823396</subfield>
  </datafield>
  <datafield tag="942" ind1=" " ind2=" ">
    <subfield code="2">ddc</subfield>
  </datafield>
  <datafield tag="952" ind1=" " ind2=" ">
    <subfield code="0">0</subfield>
    <subfield code="1">0</subfield>
    <subfield code="2">ddc</subfield>
    <subfield code="4">0</subfield>
    <subfield code="7">0</subfield>
    <subfield code="8">Alahram</subfield>
    <subfield code="a">MAIN</subfield>
    <subfield code="b">MAIN</subfield>
    <subfield code="c">LOW</subfield>
    <subfield code="d">2019-03-25</subfield>
    <subfield code="e">Purchase</subfield>
    <subfield code="g">795.00</subfield>
    <subfield code="h">525</subfield>
    <subfield code="l">2</subfield>
    <subfield code="o">155.4 TET</subfield>
    <subfield code="p">000043286</subfield>
    <subfield code="r">2025-07-15 00:00:00</subfield>
    <subfield code="s">2024-12-02</subfield>
    <subfield code="v">993.75</subfield>
    <subfield code="y">BB</subfield>
  </datafield>
</record>
